000 00399cam a22001457a 4500
008 180718b1965 xxu||||| |||| 00| 0 eng d
082 _aA6x5431 C378
100 _aChari, A.S.R.
245 _aThe Kashmir problem
_cby A.S.R. Chari
260 _aNew Delhi
_bM. Kalimulla
_c1965
300 _a71p.
500 _aRs.1.25
650 _aIndia - Foreign Relations - Pakistan
650 _aKashmir - History
999 _c362130
_d362130